Album rap - Statistiques

Statistiques générales
  • Ce quiz a été pris 69 fois
  • Le résultat moyen est 5 sur 27
Statistiques - réponses
Hint Réponse % Correct
La vie qu’on mène Destin
93%
Réseaux Commando
64%
On verra Feu
58%
Émotif Polak
42%
Vitrine Agartha
39%
Nocif Sincèrement
32%
Team BS Team BS
32%
Tout s’en va Étoile noire
31%
Madrina Pure
27%
Wesh alors My world
22%
Nés sous la même étoile L’école du micro d’argent
19%
Toka Bandit saleté
14%
Woin Woin Cité blanche
12%
Du ferme Mes repères
8%
La costa HLM2
7%
Boulot Ouvert tout l’été
7%
Patate de forain Barillet plein
5%
Grand Paris Prose élite
5%
TP Rescapé
5%
Ma couillasse Drive by en caravane
3%
Old boy Fenêtre sur rue
3%
5 Minutes Oui je le suis
2%
Mafiosa Grandestino
0%
Noir sur blanc Jeu de couleurs
0%
Jim Morrison Jeunes entrepreneurs
0%
Une époque formidable La main sur le cœur
0%
Cherche la monnaie Where is l’album de gradur
0%
Aucun quiz correspondant
Distribution des résultats
% des personnes avec chaque résultat
Percentile par nombre de réponses
Votre historique - résultats
Vous n’avez pas pris ce quiz